Alphabetical Words A-Z - Statistics

General Stats
  • This quiz has been taken 455 times
    47 since last reset
  • The average score is 24 of 56
Answer Stats
Letter 3 Num Example % Correct
3 A 38 ADD
98%
3 B 21 BEG
98%
3 C 16 COP
90%
3 E 16 EGG
83%
3 D 18 DOT
80%
3 F 14 FIN
80%
3 G 13 GIN
80%
3 H 11 HOW
78%
3 J 3 JOY
75%
3 N 5 NOW
73%
3 I 5 IMP
70%
3 L 7 LOT
70%
3 M 6 MOP
70%
4 F 18 FIST
65%
4 B 33 BEST
63%
4 C 31 CHOP
63%
4 D 40 DENT
60%
4 H 12 HINT
60%
3 O 6 OPT
60%
4 A 32 AIMS
58%
4 G 13 GLOW
58%
3 S 1 STY
58%
4 E 16 EGGS
55%
3 K 3 KOP
53%
3 P 2 PRY
53%
3 T 1 TUX
48%
4 I 5 IMPS
45%
4 K 6 KNOT
43%
4 L 7 LOST
43%
4 M 10 MOSS
43%
5 C 20 CHIPS
40%
5 A 24 ADOPT
38%
5 B 27 BELOW
38%
5 D 24 DEMOS
35%
5 F 15 FIRST
35%
5 H 11 HOOPS
33%
5 L 5 LOOPS
30%
6 C 13 CHIMPS
25%
5 G 15 GHOST
25%
4 N 1 NOSY
25%
6 A 10 ACCEPT
23%
5 M 3 MOSSY
20%
6 B 9 BLOTTY
15%
6 K 1 KNOTTY
15%
4 O 1 OOPS
15%
4 J 1 JOSS
10%
6 E 2 EFFORT
8%
6 F 5 FLOPPY
8%
6 G 3 GLOSSY
8%
7 B 2 BILLOWY
5%
5 E 1 EMPTY
5%
5 J 1 JOTTY
3%
5 K 1 KNOPS
3%
4 P 1 PSST
3%
6 D 2 DEHORT
0%
6 H 1 HILLOS
0%
No matching quizzes found
Score Distribution
Percent of People with Each Score
Percentile by Number Answered
Your Score History
You have not taken this quiz since the last reset